000 00528nam a2200193 a 4500
001 1755670094299
003 YourLibrary
005 20250820114040.0
008 250820s1993##################000#0#eng##
020 _a9780521444125
082 0 4 _a523.8
_bFRA
100 1 _aFranco, Jose,
_eauthor.
245 1 0 _aStar Formation, Galaxies and the Interstellar Medium :
260 _bCambridge University Press,
_c1993.
300 _a418 pages
650 0 _aScience.
942 _cENGLISH
040 _aYourLibrary
_beng
_cYourLibrary
999 _c583133
_d583133